| 000 | 01505nam a22002897a 4500 | ||
|---|---|---|---|
| 003 | EG-ScBUE | ||
| 005 | 20211102110206.0 | ||
| 008 | 211102s2021 ua f 000 0 ara d | ||
| 040 |
_aEG-ScBUE _bara _erda _cEG-ScBUE _dEG-ScBUE |
||
| 082 | 0 | 4 |
_222 _a343.0999 _bم ج د |
| 100 | 1 |
_aأبو المجد، مريم، _eمؤلف. |
|
| 245 | 1 | 2 |
_aالترجمة الإنجليزية لقانون حماية البيانات الشخصية المصري رقم 151 لسنة 2020 = _bThe English translation for the law number 151 of the year 2020 personal data protection law / _cإعداد أ. مريم أبو المجد، أ. تقى أسامة ؛ مراجعة د. مروة زين، أ. رانا يونس. |
| 246 | 3 | 1 | _aEnglish translation for the law number 151 of the year 2020 personal data protection law |
| 264 | 1 |
_aالقاهرة : _bالجامعة البريطانية في مصر، كلية القانون، _c2021. |
|
| 300 |
_a35 صفحة ؛ _c30 سم |
||
| 336 |
_2rdacontent _aنص _btxt |
||
| 337 |
_2rdamedia _aبدون وسيط _bn |
||
| 338 |
_2rdacarrier _aمجلد _bnc |
||
| 541 |
_cإهداء ؛ _aالجامعة البريطانية في مصر. |
||
| 650 | 7 |
_aالبيانات، حماية _xقوانين وتشريعات _zمصر. _2BUEsh |
|
| 653 |
_bLLAAWW _cNovember2021 |
||
| 655 |
_vReading book _934232 |
||
| 700 | 1 |
_aأسامة، تقى، _eمؤلف. |
|
| 700 | 1 |
_aزين، مروة، _eمراجع. |
|
| 700 | 1 |
_aيونس، رانا، _eمراجع. |
|
| 942 | _2ddc | ||
| 999 |
_c29627 _d29598 |
||